000 00545nam a2200193 i 4500
001 80804
003 ES-MaACL
005 20230906174313.0
007 t|
008 041029s1973 sp ||||1| spa d
100 1 _aHooker, Alexander C.
_964149
245 1 3 _aLa novela de Federico Gamboa /
_cAlexander C. Hooker.
260 _aMadrid :
_bPlayor,
_c[1973]
300 _a130 p. ;
_c21 cm.
490 1 _aPlaza Mayor Scholar ;
_v6
830 0 _aPlaza Mayor Scholar ;
_v6
_9181264
852 _aES-MaACL
_jC-51945
_bR.85733
999 _c80804
_d80804